000 01532nam a2200337 ab4500
999 _c325498
_d325498
003 BLK
005 20241219103416.0
008 181018b bu ||||| |||| 001 0 bu d
020 _a978-619-90077-6-1
_q(Т.6)
040 _aBLK
041 _aBUL
_cBUL
080 _aБългарска литература
_b821.163.2
_x(081.1)
_z821.163.2(081.1)
080 _aБългарска литература
_b821.163.2
_x-32
_z821.163.2-32
100 _9429765
_aРадичков, Йордан Димитров
_d1929-2004
139 _aРадичков, Йордан Димитров
_bР 14
245 _aСъбрани съчинения : в 12 тома : Т. 6
_cЙордан Радичков
_nТ. 6
_pНовели
257 _aBGR
260 _9219051
_aСофия
_bНИКЕ
_c2014 -
_fСофия : Изток-Запад
300 _c24 см
380 _aX
700 _91548
_aПелева, Инна Иванова
_eсъстав., комент. и бел.
700 _91328
_aСтефанов, Валери Стоилов
_eред. кол. на том
774 _aСъбрани съчинения : в 12 тома
_dСофия : Нике, 2017
_h584 с. : с ил.
_nИменен показалец, топогр. показалец, показалец на редките думи
_tТ. 6. Новели
_z978-619-90077-6-1
852 _aЦб 291009
_bЦб
_cП 886.7(081)/Р 14
856 _i0.00
_ldisable
942 _cKNG
_n0
_s1
_05
999 _d325498
999 _d325498
999 _d325498
999 _d325498
944 _k30530
_lМинев Младен